Estudio de los daños producidos por el dothistroma pini hulbary en masas de pinus radiata d. don /

Guardado en:
Autor Principal: Fernandez De Ana J F
Formato: Libro
Publicado: Madrid : Inia, 1979
Series:Comunicaciones ; 8
Materias:
Etiquetas: Agregar Etiqueta
Sin Etiquetas, Sea el primero en etiquetar este registro!
LEADER 00585nam a22001815a 4500
001 CEM.cems015867
008 130507s1979##################000#0#####d
005 20210825182550.0
003 CEMS
245 1 0 |a Estudio de los daños producidos por el dothistroma pini hulbary en masas de pinus radiata d. don /  |c J F Fernandez de Ana, 
260 |a Madrid :  |b Inia,  |c 1979 
300 |a 28 p. 
490 1 |a Comunicaciones ;  |v 8 
100 1 |a Fernandez De Ana J F 
082 0 4 |a 632.4 
653 |a Agricultura 
653 |a Plagas agrícolas 
859 |a CEMS  |b BIB. CEMS - 11 de abril  |h 632.4  |i F391  |p 10333.81  |t Ej.1